000
00285nam a2200121Ia 4500
008
190216s9999||||xx |||||||||||||| ||und||
100
_a
Shekhar K C
245
0
_a
Banking Theory And Practice
260
_b
Unian Bank Of Kerala
_c
1985
300
_a
600
650
_a
Commerce
942
_c
BK
999
_c
7206
_d
7206